000 00538nam a2200181Ia 4500
999 _c6811
_d6811
020 _a9788189833961
082 _a320.90954 SIN-I
100 _aSingh, Randhir
245 0 _aIndian politics today: an argument for socialism-oriented path of development
260 _aNew Delhi
_bAakar
_c2009
300 _a119
440 _aT. Nagi Reddy memorial lecture
650 _aIndia
_vPolitics and government
650 _aSocialism
_zIndia
650 _aIndia
_vEconomic conditions
650 _aNagi Reddy, T.
_vViews on politics
942 _cBK